| 000 | 00433nam a2200169 a 4500 | ||
|---|---|---|---|
| 001 | 9810 | ||
| 005 | 20180713193830.0 | ||
| 008 | 140415s1992 ag 000 0 spa d | ||
| 041 | _aspa | ||
| 082 |
_a659.14 _bBLO |
||
| 100 | 1 | _aBLOCK DE BEHAR, LISA | |
| 245 | 1 | 3 | _aEL LENGUAJE DE LA PUBLICIDAD |
| 250 | _a4ed. | ||
| 260 |
_aARGENTINA : _bSIGLO VEINTIUNO EDITORES, _c1992 |
||
| 300 | _a214 | ||
| 650 | 1 | 4 | _aPUBLICIDAD |
| 999 |
_c9810 _d9810 |
||